书目信息 |
| 题名: |
怎样学游泳
|
|
| 作者: | 严伟莉 | |
| 分册: | ||
| 出版信息: | 北京 人民体育出版社 1998 |
|
| 页数: | 151 | |
| 开本: | 19cm | |
| 丛书名: | ||
| 单 册: | ||
| 中图分类: | G86 | |
| 科图分类: | ||
| 主题词: | 水上运动 , 冰上运动 , 雪上运动 | |
| 电子资源: | ||
| ISBN: | 7-5082-0909-5 | |
| 000 | 00532nam0 2200205 450 | |
| 001 | 0736480453 | |
| 005 | 20070817100800.46 | |
| 010 | @a7-5082-0909-5@d¥9.00 | |
| 100 | @a20070817d km y0chiy0120 ea | |
| 101 | 0 | @achi |
| 200 | 1 | @a怎样学游泳@Azen yang xue you yong@f严伟莉@Fyan wei li |
| 210 | @a北京@c人民体育出版社@d1998 | |
| 215 | @a151@d19cm | |
| 606 | 0 | @a水上运动 |
| 606 | 0 | @a冰上运动 |
| 606 | 0 | @a雪上运动 |
| 690 | @aG86@v3 | |
| 701 | 0 | @a严伟莉@Ayan wei li |
| 801 | 0 | @aCN@bPFT@c20070817 |
| 905 | @a213230@dG86@et11@f1 | |
| 怎样学游泳/严伟莉.-北京:人民体育出版社,1998 |
| 151;19cm |
| ISBN 7-5082-0909-5:¥9.00 |
| ● |
| 相关链接 |
|
|
|
|
正题名:怎样学游泳
索取号:G86/t11
 
预约/预借
| 序号 | 登录号 | 条形码 | 馆藏地/架位号 | 状态 | 备注 |
| 1 | 6901382 | 269013827 | 密集书库-体育系/ [索取号:G86/t11] | 在馆 | |
| 2 | 6901383 | 269013836 | 密集书库-体育系/ [索取号:G86/t11] | 在馆 | |
| 3 | 6901387 | 269013872 | 密集书库-体育系/ [索取号:G86/t11] | 在馆 |